Tian zhu jiao qian /
Saved in:
| Main Author: | |
|---|---|
| Format: | Book |
| Language: | Chinese |
| Published: |
Shanghai :
Shang zhi bian yi guan : Tian zhu jiao jiao wu xie jin wei yuan hui fa xing,
1950.
|
| Edition: | 5 ban. |
| Subjects: | |
| Tags: |
Add Tag
No Tags, Be the first to tag this record!
|
| LEADER | 00791cam a2200229ui 4500 | ||
|---|---|---|---|
| 001 | 007766896-0 | ||
| 005 | 20024617112705.0 | ||
| 008 | 980416s1950 cc 000 0 chi d | ||
| 035 | 0 | |a ocm38958315 | |
| 040 | |a *YNH* |c *YNH* |d CStRLIN | ||
| 100 | 1 | |6 880-01 |a Zhang, Jiemei. | |
| 245 | 1 | 0 | |6 880-02 |a Tian zhu jiao qian / |c Zhang Jiemei zhu. |
| 250 | |6 880-03 |a 5 ban. | ||
| 260 | |6 880-04 |a Shanghai : |b Shang zhi bian yi guan : |b Tian zhu jiao jiao wu xie jin wei yuan hui fa xing, |c 1950. | ||
| 300 | |a [1], 8, 156 p. ; |c 19 cm. | ||
| 610 | 2 | 0 | |a Catholic Church. |
| 880 | 1 | |6 100-01 |a 張介眉. | |
| 880 | 1 | 0 | |6 245-02 |a 天主教淺說 / |c 張介眉著. |
| 880 | |6 250-03 |a 5版. | ||
| 880 | |6 260-04 |a 上海 : |b 上智編譯館 : |b 天主教教務協進委員會發行, |c 1950. | ||
| 988 | |a 20021121 | ||
| 906 | |0 MH | ||


